| 000 | 00000nam##2200000za#4500 |
| 001 | 9.685742 |
| 003 | CaOODSP |
| 005 | 20210615135056 |
| 007 | ta |
| 008 | 150407|2014||||xxc||||| f|0| 0 fre|d |
| 040 | |aCaOODSP|bfre |
| 043 | |an-cn--- |
| 086 | 1 |aEn4-137/1-2014F |
| 110 | 1 |aCanada. |bEnvironnement Canada. |
| 245 | 10|aProjets et activités scientifiques sur l'initiative du bassin du lac Winnipeg, 2012-13 - 2013-14 |
| 260 | |aOttawa - Ontario : |bEnvironnement Canada |cc2014. |
| 300 | |a42p. : |bcartes, photographies ; |c28 cm. |
| 500 | |aLe n° de catalogue (En4-137/1-2014) et ISBN (978-1-100-54755-8) sont imprimés en cette publication. |
| 563 | |aCouverture souple |
| 590 | |a15-08|b2015-02-20 |
| 775 | 08|tProgress report on the Lake Winnipeg Basin Initiative 2012-13 and 2013-14 |w(CaOODSP)9.652822 |
| 776 | 0#|tProjets et activités scientifiques sur l'initiative du bassin du lac Winnipeg, 2012-13-2013-14 |w(CaOODSP)9.644028 |